Diversas cuestiones de la acción de amparo por mora en un fallo reciente (Registro nro. 16731)
[ vista simple ]
| 000 -LEADER | |
|---|---|
| fixed length control field | 00354 a2200109 4500 |
| 001 - CONTROL NUMBER | |
| control field | ART_10752 |
| 005 - DATE AND TIME OF LATEST TRANSACTION | |
| control field | 20260410161718.0 |
| 008 - FIXED-LENGTH DATA ELEMENTS--GENERAL INFORMATION | |
| fixed length control field | 260409a |
| 100 1# - MAIN ENTRY--PERSONAL NAME | |
| Personal name | Halperin, David A. |
| 245 10 - TITLE STATEMENT | |
| Title | Diversas cuestiones de la acción de amparo por mora en un fallo reciente |
| 773 0# - HOST ITEM ENTRY | |
| Title | Derecho administrativo |
| Related parts | - Nº 82 (ago. 2012) |
| Record control number | REV1721 |
No hay ítems disponibles.